Thermal stability and rheological properties of epoxidized natural rubber based magnetorheological elastomer (Record no. 71235)

MARC details
000 -LEADER
fixed length control field 00769nam a2200241Ia 4500
100 ## - MAIN ENTRY--AUTHOR NAME
Personal name Yunus N.A
245 #0 - TITLE STATEMENT
Title Thermal stability and rheological properties of epoxidized natural rubber based magnetorheological elastomer
260 ## - PUBLICATION, DISTRIBUTION, ETC. (IMPRINT)
Name of publisher International Journal of Molecular Sciences
Year of publication 2019
500 ## - GENERAL NOTE
General note Source Year: 2019
650 ## - SUBJECT ADDED ENTRY--TOPICAL TERM
Topical Term Epoxidised natural rubber
650 ## - SUBJECT ADDED ENTRY--TOPICAL TERM
Topical Term Magnetorheological elastomers
650 ## - SUBJECT ADDED ENTRY--TOPICAL TERM
Topical Term Rheological properties
650 ## - SUBJECT ADDED ENTRY--TOPICAL TERM
Topical Term Thermal properties
650 ## - SUBJECT ADDED ENTRY--TOPICAL TERM
Topical Term Thermal stability
700 ## - ADDED ENTRY--PERSONAL NAME
Personal name Abdul Aziz S.A
700 ## - ADDED ENTRY--PERSONAL NAME
Personal name Abdul Wahab N.A
700 ## - ADDED ENTRY--PERSONAL NAME
Personal name Mazlan S.A
700 ## - ADDED ENTRY--PERSONAL NAME
Personal name Shilan S.A
700 ## - ADDED ENTRY--PERSONAL NAME
Personal name Ubaidillah
856 ## - ELECTRONIC LOCATION AND ACCESS
Uniform Resource Identifier Copy (doi:10.3390.ijms20030746)
942 ## - ADDED ENTRY ELEMENTS (KOHA)
Koha item type Journals
Holdings
Withdrawn status Lost status Damaged status Not for loan Home library Current library Shelving location Date acquired Serial Enumeration / chronology Koha item type
      Journals RRII Library RRII Library Rubber technology 17/12/2021 Volume 20, Issue 3 Journals